Score 0/19 Timer 02:00
1 Play Today
Clue 4-Letter Word % Correct
'What Women ___' - Mel Gibson-Helen Hunt filmWANT
96.6%
Weapon of Harry PotterWAND
95.8%
'A Good Man Is ___ to Find' by Flannery O'ConnorHARD
95.2%
'The Left ___ of Darkness' by Ursula Le GuinHAND
91.3%
Eddy Murphy's 'Daddy Day ___'CARE
90.8%
Lois of the 'Superman' comicsLANE
90.7%
'You ___ Take It with You' - play by George S. KaufmanCAN'T
89.7%
'And the ___ Played On' by Randy ShiltsBAND
84.6%
'___ Krishna' or the Great MantraHARE
82%
What Aslan has shaved off in a C.S. Lewis novelMANE
81.8%
Clue 4-Letter Word % Correct
What Jean Valjean rescues a man from underCART
81.8%
Unlike King Lear, mentallySANE
79.1%
Villain in 'The Dark Knight Rises'BANE
77.8%
Actress Winningham of 'St. Elmo's Fire'MARE
77%
'To ___ and ___ Not' -Bogart and Bacall filmHAVE
76.8%
Author Georges of 'La Petite Fadette'SAND
69.2%
Jack Lemmon's '___ the Tiger'SAVE
68.4%
'___ Woebegone Days' by Garrison KeillorLAKE
65.6%
What Peeta Mellark's family does for a livingBAKE
64.7%

Today's Daily Dose

Remove Ads.
Support Sporcle.
Get the best of Sporcle when you Go Orange. This ad-free experience offers more features, more stats, and more fun while also helping to support Sporcle. Thank you for becoming a member.

You're not logged in!

Compare scores with friends on all Sporcle quizzes.
OR
Log In

Show Comments

Extras

Top Quizzes Today


Score Distribution

Your Account Isn't Verified!

In order to create a playlist on Sporcle, you need to verify the email address you used during registration. Go to your Sporcle Settings to finish the process.

Report this User

Report this user for behavior that violates our Community Guidelines.

Details: